| 000 | 00808nam a2200193 a 4500 | ||
|---|---|---|---|
| 008 | 120416s1978 ||||||||||||||||| || u | ||
| 020 | _a0030899621 | ||
| 050 | _aBF 637.C45 KNA | ||
| 100 | _aKnapp, Mark L | ||
| 245 | 1 | 0 | _aNonverbal communication in human interaction. 2nd ed. |
| 250 | _a2nd ed. | ||
| 260 |
_aNew York _bRinehart and Winston _c1978 |
||
| 300 | _avii, 439p. : ill. | ||
| 350 | _a0.00 | ||
| 650 | _aNONVERBAL COMMUNICATION (PSYCHOLOGY) | ||
| 650 | _aCOMMUNICATION | ||
| 995 |
_aBINDERY (DAMAGED) _D0.00 _e716942 _FCBU-MAIN LIBRARY (Kitwe) _H1 _I21.50 _jBF 637.C45 Kna _M1 _UDAMAGED _y716942 _ZMain Library Open Access Collection |
||
| 995 |
_aBINDERY (DAMAGED) _D0.00 _e722822 _FCBU-MAIN LIBRARY (Kitwe) _H1 _I0.00 _jBF 637.C45 KNA _M2 _UDAMAGED _WJul 23, 2009 _y000598 _ZMain Library Open Access Collection |
||
| 999 |
_c78829 _d78829 |
||